000 00854cam a2200289 i 4500
001 bg
003 BPK
005 20191002090807.0
008 000114s1981 pl a f f |001 0 pol
015 _aPB 1981/7159
020 _a8301028580
040 _aWA N
_cBPK
041 0 _apol
080 _a1
080 _a(07)
100 1 _aKasprzyk, Leszek
_d(1925- ).
245 1 0 _aWprowadzenie do filozofii /
_cLeszek Kasprzyk, Adam Węgrzecki.
250 _aWyd. 6 zm.
260 _aWarszawa :
_bPańst. Wydaw. Naukowe,
_c1981.
300 _a287, [1] s. :
_berr. ;
_c21 cm.
504 _aIndeks.
650 4 _aFilozofia
_xhistoria.
655 4 _aPodręcznik
700 1 _aWęgrzecki, Adam
_d(1937- ).
856 _uhttp://koha.tu.koszalin.pl/cgi-bin/koha/opac-detail.pl?biblionumber=20136
_yKatalog online BPK
942 _2UKD
_cKS
999 _c20136
_d20136